| 000 | 01007nam a2200289Ia 4500 | ||
|---|---|---|---|
| 001 | H8319 | ||
| 003 | IT-RoPAU | ||
| 008 | 130308s9999 xx 000 0 und d | ||
| 040 | _aIT-RoPAU | ||
| 040 | _cIT-RoPAU | ||
| 041 | _aITALIANO | ||
| 100 | _aConti Giovanni | ||
| 100 | _gCodice Aut. SPICS: 59326 | ||
| 245 | _aArte della maiolica in Italia (L') | ||
| 245 | _bArte della maiolica in Italia (L') | ||
| 250 | _a1a ed. | ||
| 260 | _a MILANO | ||
| 260 | _bBramante Editrice | ||
| 260 | _c1973 [1° Ed.:1973 - Ed.Ling.Originale:1973] | ||
| 300 | _a"388 p. (prefazione: no ; testo: 388 [pagine: 0-0])" | ||
| 500 | _aArte della maiolica in Italia. Illustrazioni del testo . Regesto di Notiziestoriche Sulla maiolica Italiana. Prototipi. Il Trecento. Il Quattrocento.Il Cinquecento. Il Seicento. Il Settecento. L'Ottocento. repertorio Iconografico. Bibliografia. | ||
| 650 | _aSAGGI SULLE ARTI VISIVE | ||
| 650 | _eCodice materia Spics: 5011 | ||
| 942 | _cBK | ||
| 957 | _71 | ||
| 999 |
_c90687 _d90687 |
||
| 999 | _g1 | ||